Complete Engineer / (Record no. 640)

000 -LEADER
fixed length control field 00373nam a2200145 4500
008 - FIXED-LENGTH DATA ELEMENTS--GENERAL INFORMATION
fixed length control field 191108b ||||| |||| 00| 0 eng d
082 00 - DEWEY DECIMAL CLASSIFICATION NUMBER
Classification number 620
Item number S6421
100 ## - MAIN ENTRY--PERSONAL NAME
9 (RLIN) 146
Personal name Smith, D. J.
245 10 - TITLE STATEMENT
Title Complete Engineer /
250 ## - EDITION STATEMENT
Edition statement 1st ed.
260 ## - PUBLICATION, DISTRIBUTION, ETC. (IMPRINT)
Place of publication, distribution, etc London :
Name of publisher, distributor, etc George Newnes Limited,
Date of publication, distribution, etc .
300 ## - PHYSICAL DESCRIPTION
Extent vii, 632 p.
650 #0 - SUBJECT ADDED ENTRY--TOPICAL TERM
Topical term or geographic name as entry element Engineering
942 ## - ADDED ENTRY ELEMENTS (KOHA)
Source of classification or shelving scheme
Item type Books
Holdings
Withdrawn status Lost status Source of classification or shelving scheme Damaged status Not for loan Permanent location Current location Date acquired Full call number Barcode Date last seen Koha item type
          IMU Kolkata IMU Kolkata 1952-10-10 620 S6421 00060 2019-11-08 Books
          IMU Kolkata IMU Kolkata 1952-10-10 620 S6421 00061 2019-11-08 Books
          IMU Kolkata IMU Kolkata 1952-10-10 620 S6421 00062 2019-11-08 Books
          IMU Kolkata IMU Kolkata 1952-10-10 620 S6421 00063 2019-11-08 Books
Designed and Maintained by IMU-KC Library, Kolkata Campus © Copyright All Rights Reserved

webs counters

Powered by Koha